|
|
|
|
| LEADER |
01911nam a2200517 a 4500 |
| 001 |
nkc20081790815 |
| 003 |
CZ PrNK |
| 005 |
20080606151738.0 |
| 007 |
ta |
| 008 |
080407s2007 xr a f 000 0 eng |
| 015 |
|
|
|a cnb001790815
|
| 020 |
|
|
|a 978-80-244-1773-8
|q (brož.)
|
| 035 |
|
|
|a (OCoLC)228780610
|
| 040 |
|
|
|a ABA001
|b cze
|
| 072 |
|
7 |
|a 316.4/.7
|x Sociální interakce. Sociální komunikace
|2 Konspekt
|9 18
|
| 080 |
|
|
|a 316.344.6-056.263-053.2
|2 MRF
|
| 080 |
|
|
|a 316.614.5
|2 MRF
|
| 080 |
|
|
|a 316.772.4
|2 MRF
|
| 080 |
|
|
|a 159.913
|2 MRF
|
| 080 |
|
|
|a (048.8)
|2 MRF
|
| 100 |
1 |
|
|a Štěrbová, Dana,
|d 1964-
|7 mzk2006331485
|4 aut
|
| 245 |
1 |
0 |
|a Family stress and coping behaviour in families of children with hearing disabilities /
|c Dana Štěrbová
|
| 250 |
|
|
|a 1st publ.
|
| 260 |
|
|
|a Olomouc :
|b Palacký University in Olomouc,
|c 2007
|
| 300 |
|
|
|a 176 s. :
|b il. ;
|c 21 cm
|
| 490 |
1 |
|
|a Monographs
|
| 500 |
|
|
|a Nad názvem: Palacký University Olomouc, Faculty of Physical Culture
|
| 504 |
|
|
|a Obsahuje bibliografii
|
| 650 |
0 |
7 |
|a děti se sluchovým postižením
|7 ph116186
|2 czenas
|
| 650 |
0 |
7 |
|a psychologie rodiny
|7 ph117484
|2 czenas
|
| 650 |
0 |
7 |
|a interpersonální komunikace
|7 ph121153
|2 czenas
|
| 650 |
0 |
7 |
|a stres (psychologie)
|7 ph116294
|2 czenas
|
| 650 |
0 |
9 |
|a hearing impaired children
|2 eczenas
|
| 650 |
0 |
9 |
|a psychology of family
|2 eczenas
|
| 650 |
0 |
9 |
|a interpersonal communication
|2 eczenas
|
| 650 |
0 |
9 |
|a stress (psychology)
|2 eczenas
|
| 655 |
|
7 |
|a studie
|7 fd133597
|2 czenas
|
| 655 |
|
9 |
|a studies
|2 eczenas
|
| 710 |
2 |
|
|a Univerzita Palackého.
|b Fakulta tělesné kultury
|7 kn20010709371
|
| 810 |
2 |
|
|a Univerzita Palackého.
|t Monografie
|0 s
|
| 910 |
2 |
|
|a BOA001
|b 2-1201.662
|
| 928 |
9 |
|
|a Univerzita Palackého
|
| 990 |
|
|
|a BK
|
| 995 |
|
|
|a 01
|
| 991 |
|
|
|b 200804
|c NOV
|
| 996 |
6 |
|
|b 2610339548
|c 2-1201.662
|l MZK
|r Sklad / do 1 hodiny
|n 2
|p p.v.
|w 000890985
|u 000010
|a 1
|e BOA001
|j MZK50
|s P
|